• 首页
  • 本馆介绍
  • 公告通知
  • 最新文献
  • 馆藏检索
  • 电子资源
  • 读者导购
  • 参考咨询
  • 我的图书馆
  • 登录
  • 详细信息显示
  • 放入我的书架
  • 预约/预借图书
  • 作者相关作品
  • 分类相关作品
  • 丛书相关作品
  • 出版社相关作品

书目信息

  • 表格格式
  • 工作单格式
  • 卡片格式
题名:
设计表现教程
    
 
作者: 王国梁 主编 ;施徐华 著
分册:   环境艺术
出版信息: 杭州   浙江人民美术出版社  2007
页数: 163页
开本: 28cm
丛书名:
单 册:
中图分类: J506 , TU-856
科图分类:
主题词: 实用美术--设计--高等学校--教材 , 环境设计--高等学校--教材 , 实用美术 , 环境设计
电子资源:
ISBN: 978-7-5340-2359-0
000 00975nam0 2200289 450
001 1537467760
005 20150131102452.73
010    @a978-7-5340-2359-0@dCNY58.00
100    @a20070104d2007 em y0chiy50 ea
101 0  @achi
102    @aCN@b330000
105    @aa z 000yy
200 1  @a设计表现教程@9she ji biao xian jiao cheng@i环境艺术@f王国梁主编@g施徐华著
210    @a杭州@c浙江人民美术出版社@d2007
215    @a163页@c图@d28cm
300    @a新概念中国美术院校视觉设计教材 中国美术学院视觉传达设计系指定教材
330    @a本书包括基本要素、设计速写技法、麦克笔技法、色彩铅笔技法、水彩技法、综合表现技法等九章内容。
606 0  @a实用美术@x设计@x高等学校@j教材
606 0  @a环境设计@x高等学校@j教材
606 0  @a实用美术
606 0  @a环境设计
690    @aJ506@v5
690    @aTU-856@v5
701  0 @a王国梁@9wang guo liang@c(美术设计)@4主编
702  0 @a施徐华@9shi xu hua@f(1977~)@4著
801  0 @aCN@bTSSF@c20150131
905    @aZUCC@dJ506@eJY158
    
    设计表现教程.环境艺术/王国梁主编/施徐华著.-杭州:浙江人民美术出版社,2007
    163页:图;28cm
    新概念中国美术院校视觉设计教材 中国美术学院视觉传达设计系指定教材
    
    ISBN 978-7-5340-2359-0:CNY58.00
    本书包括基本要素、设计速写技法、麦克笔技法、色彩铅笔技法、水彩技法、综合表现技法等九章内容。
●
相关链接 在E读中查询图书 在五车中查询图书 在当当中查询图书 在豆瓣中查询图书


正题名:设计表现教程     索取号:J506/JY158         预约/预借

序号 登录号 条形码 馆藏地/架位号 状态 备注
1 7862241   278622411   学院路分馆/ [索取号:J506/JY158] 在馆    
唐山师范学院图书馆 欢迎您!
大连网信软件有限公司© 版权所有